Matrix-computer methods in engineering /

Guardado en:
Autor Principal: Pipes, Louis Albert, 1910-
Otros Autores: Hovanessian, Shahen A., 1931-
Formato: Libro
Idioma:English
Publicado: Malabar, Fla. : R. E. Krieger, 1981 [i.e. 1977], c1969.
Materias:
Etiquetas: Agregar Etiqueta
Sin Etiquetas, Sea el primero en etiquetar este registro!
LEADER 00825pam a2200229 a 4500
001 MAT.inmabb004917
008 770613t19771969flua#####b####001#0#eng##
005 20130326161709.0
245 1 0 |a Matrix-computer methods in engineering /  |c Louis A. Pipes, Shahen A. Hovanessian. 
260 |a Malabar, Fla. :  |b R. E. Krieger,  |c 1981 [i.e. 1977], c1969. 
300 |a xi, 333 p. :  |b il. ;  |c 24 cm. 
500 |a Reimpresión. Originalmente publicado: New York : Wiley, c1969. 
504 |a Incluye referencias bibliográficas e índice. 
020 |a 0882755919 
100 1 |a Pipes, Louis Albert,  |d 1910- 
700 1 |a Hovanessian, Shahen A.,  |d 1931- 
650 0 |a Matrices. 
650 0 |a Engineering  |x Data processing. 
084 |a 65Fxx  |2 msc2000 
010 |a  77023111  
040 |a DLC  |c DLC  |d DLC 
859 |h 65  |i P665  |p A-7126  |b BIB. MATEMATICA